| 000 | 01344nam a2200361 c 4500 | ||
|---|---|---|---|
| 003 | BLK | ||
| 005 | 20230422133548.0 | ||
| 008 | 180408b bul|||||r ||||||| ||bul|| | ||
| 010 | _aKNG00054660000 | ||
| 020 |
_a954-733-422-0 _bиздат.: Прозорец |
||
| 040 | _aBLK | ||
| 041 |
_aBUL _cBUL |
||
| 080 |
_aИстория на Рим (до 476 г. н. е.). Древен Рим _b94(37) _x _z94(37) |
||
| 100 | 1 |
_aМомзен, Теодор _eпърви автор _998788 |
|
| 700 | 1 |
_aМинков, Борис _eпрев. _9365438 |
|
| 700 | 1 |
_aПенева, Ваня _eпрев. _9363385 |
|
| 139 |
_aМомзен, Теодор _bМ 84 |
||
| 245 | 1 | 0 |
_aРимска история _cТеодор Момзен; прев. Борис Минков; прев. Ваня Пенева. |
| 257 | _aAUT | ||
| 260 |
_аСофия _bПрозорец _c2005 _fСофия : Инвестпрес |
||
| 300 |
_a784 с. _c24 см |
||
| 380 | _a9 | ||
| 490 | 1 |
_aПоредица Хроника _v11 |
|
| 500 | _aОриг. загл. Romische Geschichte / Theodor Mommsen. - Офс. изд. | ||
| 650 | 4 |
_aДревен Рим - история _9249436 |
|
| 653 | _aДревен Рим | ||
| 653 | _aистория | ||
| 852 | _aЦб 224319 | ||
| 856 | 4 |
_qpdf _u |
|
| 856 | 4 |
_qpdf _u |
|
| 942 |
_cKNG _n0 _05 |
||
| 944 |
_aCR _c12.07.2005 _kГеновева_Генчева |
||
| 944 |
_aED _c16.06.2008 _k |
||
| 999 |
_c50779 _d50779 |
||